Best Student Cities - Statistics

General Stats
  • This quiz has been taken 45 times
  • The average score is 9 of 11
Answer Stats
Rank Answer % Correct
#2 New York City
100%
#5 Los Angeles
95%
#1 Boston
92%
#4 Chicago
92%
#3 San Francisco
92%
#6 Washington D.C.
89%
#7 Philadelphia
82%
#11 San Diego
79%
#9 Atlanta
68%
#10 Baltimore
58%
#8 Pittsburgh
58%
No matching quizzes found
Score Distribution
Percent of People with Each Score
Percentile by Number Answered
Your Score History
You have not taken this quiz